书目信息 |
| 题名: |
新时代城市管理综合行政执法
|
|
| 作者: | 杨华建 , 邓勇 编著 | |
| 分册: | ||
| 出版信息: | 成都 电子科技大学出版社 2020.3 |
|
| 页数: | 351页 | |
| 开本: | 17cm | |
| 丛书名: | ||
| 单 册: | ||
| 中图分类: | D922.297 | |
| 科图分类: | ||
| 主题词: | 城市管理--行政执法--中国 | |
| 电子资源: | ||
| ISBN: | 978-7-5647-7439-4 | |
| 000 | 00989nam0 2200241 450 | |
| 001 | 012019257532 | |
| 005 | 20200528095924.8 | |
| 010 | @a978-7-5647-7439-4@dCNY78.00 | |
| 100 | @a20200528d2020 em y0chiy0110 ea | |
| 101 | 0 | @achi |
| 102 | @aCN@b510000 | |
| 105 | @af z 000zy | |
| 106 | @ar | |
| 200 | 1 | @a新时代城市管理综合行政执法@9Xin Shi Dai Cheng Shi Guan Li Zong He Xing Zheng Zhi Fa @f杨华建,邓勇编著 |
| 210 | @a成都@c电子科技大学出版社@d2020.3 | |
| 215 | @a351页@d17cm | |
| 330 | @a本书旨在通过城建城管行政执法理论和实践的探讨和研究,明确行政执法队伍建设的理念和目标,促使执法人员更好地依法行政、严格执法程序,进一步提高业务素质和执法水平;为提升广大市民群众对城管工作的认识和理解,更有力地支持城管工作,创建一个人人安居乐业、幸福安康的和谐社会尽一点微薄之力。 | |
| 606 | 0 | @a城市管理@x行政执法@y中国 |
| 690 | 0 | @aD922.297@v5 |
| 701 | 0 | @a杨华建@9Yang Hua Jian @4编著 |
| 701 | 0 | @a邓勇@9Deng Yong @4编著 |
| 801 | 0 | @aCN@b人天书店@c20200528 |
| 905 | @aTSG@dD922@eY192@f2 | |
| 新时代城市管理综合行政执法/杨华建,邓勇编著.-成都:电子科技大学出版社,2020.3 |
| 351页;17cm |
| ISBN 978-7-5647-7439-4:CNY78.00 |
| 本书旨在通过城建城管行政执法理论和实践的探讨和研究,明确行政执法队伍建设的理念和目标,促使执法人员更好地依法行政、严格执法程序,进一步提高业务素质和执法水平;为提升广大市民群众对城管工作的认识和理解,更有力地支持城管工作,创建一个人人安居乐业、幸福安康的和谐社会尽一点微薄之力。 |
| ● |
| 相关链接 |
|
|
|
正题名:新时代城市管理综合行政执法
索取号:D922/Y192
 
预约/预借
| 序号 | 登录号 | 条形码 | 馆藏地/架位号 | 状态 | 备注 |
| 1 | 1534173 | 215341734 | 社科库509/509社科库 84排5列4层/ [索取号:D922/Y192] | 在馆 | |
| 2 | 1534174 | 215341743 | 社科库509/509社科库 84排5列4层/ [索取号:D922/Y192] | 在馆 |